| 000 | 00576cam a22001097a 4500 | ||
|---|---|---|---|
| 008 | 180718b2002 xxu||||| |||| 00| 0 eng d | ||
| 082 | _aO1055x54 Al51 | ||
| 245 |
_aAll India directory of medical, dental and pharmacy institutions (educational) _cby Central Bureau of Health Intelligene, Directorate General of Health Services, Ministry of Health and Family Welfare |
||
| 260 |
_aDelhi _bThe Controller of Publications _c2002 |
||
| 300 | _a136p. | ||
| 700 | _aIndia. Ministry of Health and Family Welfare. Directorate General of Health Services. Central Bureau of Health Intelligence | ||
| 999 |
_c488555 _d488555 |
||